Biggest Chinese Cities Starting with P - Statistics

General Stats
  • This quiz has been taken 6 times
  • The average score is 7 of 20
Answer Stats
Population Province City % Correct
824,397 Henan Puyang (City)
100%
418,131 Henan Puyang (County)
100%
1,539,389 Fujian Putian
83%
980,422 Liaoning Panjin
50%
1,045,966 Henan Pingdingshan
50%
733,839 Jiangxi Pingxiang
50%
532,286 Zhejiang Pingyang
50%
505,076 Hunan Pingjiang
33%
482,376 Jiangxi Poyang
33%
686,063 Sichuan Panzhihua
17%
420,894 Guizhou Panzhou
17%
596,272 Jiangsu Pei
17%
383,409 Sichuan Pengzhou
17%
519,957 Shandong Pingdu
17%
423,736 Shandong Pingyi
17%
850,815 Jiangsu Pizhou
17%
935,668 Guangdong Puning
17%
449,636 Zhejiang Pinghu
0%
584,474 Guangxi Pingnan
0%
372,864 Liaoning Pulandian
0%
No matching quizzes found
Score Distribution
Percent of People with Each Score
Percentile by Number Answered
Your Score History
You have not taken this quiz